[Event "EU-ch 8th"]
[Site "Dresden"]
[Date "2007.04.06"]
[Round "4"]
[White "Jakovenko, Dmitrij"]
[Black "Jianu, Vlad Cristian"]
[Result "1/2-1/2"]
[WhiteElo "2708"]
[BlackElo "2506"]
[Annotator "Rogozenco,D"]
[PlyCount "77"]
[EventDate "2007.04.03"]
[EventType "swiss"]
[EventRounds "11"]
[EventCountry "GER"]
[SourceTitle "CBM 118"]
[Source "ChessBase"]
[SourceDate "2007.05.31"]
[SourceVersion "1"]
[SourceVersionDate "2007.05.31"]
[SourceQuality "1"]

{This game was played in the fourth round of the European Championship. The No.
1 favourite in the tournament, D.Jakovenko, was facing with White "an easy
opponent, who was not even a Grandmaster". Nevertheless with a perfect score
after the first three rounds Jianu had half a point more than the Russian
Vice-Champion. The game showed that the Romanian IM is indeed a tough nut to
crack. With Black he went for a very sharp battle and never seemed in real
danger of losing. Vlad Jianu became the Romanian Champion in 2006 and together
with C.Lupulescu, M.Parligras, A.Murariu and A.Berescu belongs nowadays to the
new and talented generation of Romanian players.} 1. e4 c5 2. Nf3 d6 3. d4 cxd4
4. Nxd4 Nf6 5. Nc3 g6 {Jianu is well known in Romania for having no fear
against any opponents. He always sticks to his openings, no matter what the
situation. Given the fact that his usual repertoire contains a lot of risky
and sometimes even doubtful variations, such a fearless approach can backfire
sometimes. That actually happened in Dresden at a latter stage, when Jianu
lost to P.Eljanov right in the opening.} 6. Be3 Bg7 7. f3 Nc6 8. Qd2 O-O 9. Bc4
Bd7 10. Bb3 {The first important moment in this game. Jakovenko avoids the
Chinese Dragon, which is Jianu's main weapon. A reasonable decision,
especially since the Romanian player has no experience in the main Dragon
lines.} ({After} 10. O-O-O {the move which leads to the Chinese Dragon is} Rb8
$5 {- a new branch of the Dragon Sicilian, which will probably become even
more popular in the near future. There is no "official" refutation yet,
although many positions look suspicious for Black. Jianu has obtained
reasonable results with it, but some of his opening positions were in
accordance with the chosen system: i.e. suspicious.} 11. Kb1 (11. h4 Na5 12.
Be2 b5 13. Bh6 Nc4 14. Qg5 $1 Nh5 15. Bxc4 bxc4 16. g4 $40 {1/2-1/2 Baratosi,D
(2253)-Jianu,V (2492)/Timisoara 2006 (70)}) (11. Bb3 Ne5 12. Bh6 (12. f4 $1
Neg4 13. h3 Nxe3 14. Qxe3 {is quite unpleasant for Black}) 12... b5 13. h4 Nc4
14. Qg5 Qb6 15. Bxg7 Kxg7 16. h5 h6 17. Qg3 $40 {0-1 Stehno,P (2301)-Jianu,V 
(2412)/Sozina 2004 (32)}) 11... Na5 12. Be2 b5 13. Ndxb5 a6 14. Nd4 Qc7 15. Nb3
Rfc8 16. Bxa6 Nc4 17. Bxc4 Qxc4 18. Bd4 Be6 19. Rhe1 {1-0 Hermansson,E (2441)
-Jianu,V (2496)/Bucharest 2006 (42) and Black couldn't prove enough
compensation for the pawns.}) 10... Na5 {It might seem that Black would like
to transpose into the Chinese Dragon, but actually Jianu had another idea in
mind.} (10... Nxd4 11. Bxd4 b5 {is considered the drawback of the early 10.Bb3.
However, things are far from clear here too.}) ({Now after} 10... Rb8 $6 {
White just takes the pawn} 11. Nxc6 bxc6 12. Bxa7 $16) 11. h4 ({After} 11.
O-O-O Rb8 {we have the main starting position of the Chinese Dragon. Two more
examples from Jianu's practice (which reached the position with the move order
10.0-0-0 Rb8 11.Bb3 Na5):} 12. h4 (12. Bh6 Bxh6 13. Qxh6 b5 14. g4 b4 15. Nd5
Nxb3+ 16. Nxb3 Nxd5 17. exd5 Ba4 18. h4 Bxb3 19. axb3 Qa5 20. h5 Qa1+ 21. Kd2
Qxb2 22. hxg6 Qc3+ 23. Kc1 Qa1+ 24. Kd2 Qc3+ {1/2-1/2 Katov,L (2226)-Jianu,V 
(2491)/Predeal 2006}) 12... b5 13. Bh6 Bxh6 14. Qxh6 e5 15. Nde2 b4 16. Nd5
Nxb3+ 17. axb3 Nxd5 18. Rxd5 Rb6 19. h5 g5 20. f4 Bg4 21. Nd4 gxf4 22. g3 Kh8
23. gxf4 exd4 24. Rg5 Rg8 25. Rxg8+ Kxg8 26. Rg1 Qh4 27. f5 Rc6 28. f6 Rxc2+
29. Kxc2 Qf2+ 30. Kd3 Qe2+ 31. Kxd4 Qxb2+ 32. Kc4 Qc3+ 33. Kb5 Qc5+ 34. Ka4
Qc6+ 35. Kxb4 a5+ 36. Kxa5 Qc5+ 37. Ka4 Qa7+ 38. Kb5 Qc5+ {1/2-1/2 Burnoiu,N 
(2424)-Jianu,V (2496)/Bucharest 2006}) 11... Qc7 {This is the second important
moment. Black chooses an old line, which for many years hasn't been played on
the highest level. Vlad Jiany prepared it specially for the European
Championship. The good thing for Black is that this system can be played
almost always against the Yugoslav Attack, no matter what White's move order
is. The bad thing is that theory considers it quite dubious and the present
game didn't answer the critical questions.} 12. h5 {The main move. A few
rounds later the same variation happened again:} (12. Bh6 Nxb3 13. Nxb3 Bxh6
14. Qxh6 d5 15. exd5 $146 (15. O-O-O) 15... Qg3+ 16. Kf1 $13 {1/2-1/2 Nataf,I 
(2596)-Evdokimov,A (2530)/Dresden 2007 (132)}) 12... Nc4 13. Bxc4 Qxc4 14.
O-O-O Rfc8 ({After} 14... b5 {Black must reckon with} 15. b3 $5 {followed by
the exchange on g6 and take the pawn on b5.}) 15. g4 {From the point of view
of the opening theory this is the third and final critical moment in this game.
} ({Unfortunately it remains an open question how was Black going to react to
the theoretically strongest} 15. Bh6 {The point is that after the practically
forced} Bh8 {White has two attractive possibilities:} 16. Bg5 ({Or} 16. Nf5 {
For example:} Re8 17. g4 Rac8 18. Kb1 Be6 19. Nd4 Bd7 20. Be3 $16 {1-0 Yuferov,
S-Eropov,I/Sverdlovsk 1967 (27)}) 16... b5 17. hxg6 fxg6 18. Bxf6 Bxf6 19. Nd5
Rf8 (19... Bxd4 20. Nxe7+ $18) 20. Qh6 Rf7 21. Nxf6+ exf6 22. Kb1 $14 {1-0
Hertel,P-Sehner,N/Corr 1994 (35)}) 15... b5 16. hxg6 ({Curiously, in the same
round of the same tournament another game with this variation happened.} 16.
Kb1 b4 17. Nd5 Nxd5 18. exd5 Qxd5 19. hxg6 fxg6 20. Qh2 Qe5 (20... Qf7 21.
Qxh7+ Kf8 22. Bh6 {1-0 Antler,A-Dorsey,P/Saratoga Springs 1993 (38)}) 21. Qxh7+
$1 ({After} 21. Bf4 {the players agreed to a draw in Sorokin,M (2517)-Becker,M
(2313)/Dresden 2007. All this happened before and is considered good for Black:
} Qf6 22. g5 Qf7 23. Qxh7+ Kf8 24. Be3 (24. Qh2 e5 25. Bg3 a5 26. Rd2 a4 27.
Ne2 Bf5 28. f4 b3 $19 {0-1 Hove,J (2255)-Dorsey,P/Chicago 1997 (32)}) 24... e5
25. Nb3 Bf5 $132 {0-1 Gosio,D-Isonzo,D (2250)/Porto San Giorgio 2000 (34)})
21... Kf7 {and now White must continue} 22. f4 $1 (22. Bh6 Rh8 $1 $15 {0-1
Pritchett,C (2350)-Miles,A (2375)/Eastbourne 1973 (54)}) 22... Qxe3 23. f5 $40
{which is a variation that would hardly cross people's mind in the
pre-computer era. It seems that there is another question about the
correctness of the entire variation for Black.}) ({Now a similar idea doesn't
work:} 16. Bh6 Bh8 17. Bg5 b4 {and White has no time to take on f6.}) 16...
fxg6 17. Qh2 Qf7 18. Kb1 {Until now Vlad Jianu had played in blitz tempo,
while Jakovenko had spent more than half of an hour. Here both opponents
started to think longer.} Bh8 $5 $146 {Only here does Black produce a logical
novelty. However, in the previous game played 30 years ago Black was also
doing fine, which proves that this type of position is good for Black.} (18...
Rab8 19. Nd5 Bh8 20. Bg5 Nxd5 21. exd5 Be5 22. Qh4 Rc4 23. Be3 Rbc8 {0-1
Ferrao,L-Hernandez,H/Sao Paulo 1977 (36). Jianu correctly considers that there
is little sense spending time on 18...Rab8, especially since he will soon use
the a-file for the rook.}) 19. Nde2 (19. Ncxb5 {was hardly a serious option in
Jakovenko's calculations. After} Rab8 20. Na3 a5 {Black has some long-term
compensation thanks to his attacking prospects on the queenside.}) 19... b4 20.
Nd5 Nxd5 21. exd5 a5 $1 {In spite of the open h-file, it is far from simple
for White to find a clear attacking plan. On the other hand Black's play is
easy: he simply advances the pawns against White's king.} 22. Bd4 ({Much too
slow is} 22. Qh3 $2 a4 23. Rh2 b3 $17) 22... a4 23. Bxh8 ({Perhaps it was
worth trying} 23. Qxh7+ Qxh7 24. Rxh7 Kxh7 25. Rh1+ Kg8 26. Rxh8+ Kf7 27. Rh7+
Ke8 28. Nf4 {with good compensation, but White must have thought that
sacrificing an exchange and exchanging queens is an extreme decision. A draw
is the most likely result after} b3 29. Nxg6 ({or} 29. axb3 axb3 30. cxb3 Bb5
31. Rg7 g5 32. Rxg5 Kd7) 29... Rxc2 30. Rh8+ Kf7 31. Rxa8 Kxg6) 23... Kxh8 24.
Qf4 Rf8 ({White could claim an edge after} 24... Qxf4 25. Nxf4 Kg7 26. Rde1 Re8
27. Re4) 25. Qd4+ ({The complications after} 25. Qxb4 Qxf3 {favour rather Black
}) 25... Kg8 26. Rh3 b3 27. Rdh1 {Both sides create their threats and the
forced draw from the game seems to be the most logical outcome.} bxc2+ 28. Kxc2
h5 {This sharp position looks extremely unclear, but in fact it is about equal.
} 29. Rg3 a3 30. b3 (30. gxh5 $6 {leads to clear advantage for Black:} Bf5+ 31.
Kd2 axb2 32. hxg6 (32. Nc3 b1=Q 33. Nxb1 Rxa2+ {loses}) 32... Qg7 33. Qxg7+
Kxg7 34. Nc3 Ra3 $17) 30... Rfc8+ 31. Nc3 (31. Kb1 {is a similar draw as in
the game:} Ra5 32. gxh5 (32. Nf4 $2 Rac5 33. Ne6 (33. Rgg1 Rc2 $19) 33... Bxe6
34. dxe6 Qxe6 35. gxh5 Rxh5 $1 $17) 32... Rxd5 33. Qh8+ Kxh8 34. hxg6+ Kg7 35.
gxf7+ Kxf7 36. Rh7+ Kf6 37. Rh6+ Kf7 $11) 31... Ra5 32. gxh5 Rxd5 33. Qh8+ {
This spectacular move is in fact White's only way to achieve a draw.} Kxh8 34.
hxg6+ Kg8 35. gxf7+ Kxf7 36. Rh7+ Kf6 37. Rh6+ Kf7 ({As Jianu said after the
game, he didn't play} 37... Kf5 {in view of} 38. Rg8 $5 {wrongly believing
that White is better after} ({Weaker is} 38. Rh5+ Kf4 39. Rxd5 Kxg3 {and White
still must work to save himself}) 38... Rxg8 39. Nxd5 {In reality the position
is drawish here too.} Rg2+ 40. Kc3 Rxa2 41. Nxe7+ Ke5 42. f4+ Kxf4 43. Rxd6 $11
) ({There is no point for Black to even calculate the endgame arising by force
after} 37... Ke5 $2 38. Rg5+ Bf5+ 39. Rxf5+ Kxf5 40. Rh5+ Ke6 41. Rxd5 Rxc3+
42. Kxc3 Kxd5 {since it is clear that only White can win here.}) 38. Rh7+ Kf6
39. Rh6+ {The draw was agreed. A very tense battle.} 1/2-1/2

[Event "Cuernavaca Young Masters"]
[Site "Cuernavaca"]
[Date "2006.02.06"]
[Round "4"]
[White "Cheparinov, Ivan"]
[Black "Leon Hoyos, Manuel"]
[Result "0-1"]
[WhiteElo "2625"]
[BlackElo "2428"]
[Annotator "Rogozenco,D"]
[PlyCount "76"]
[EventDate "2006.02.03"]
[EventType "tourn"]
[EventRounds "9"]
[EventCountry "MEX"]
[EventCategory "16"]
[SourceTitle "CBM 112"]
[Source "ChessBase"]
[SourceDate "2006.06.07"]
[SourceVersion "1"]
[SourceVersionDate "2006.06.07"]
[SourceQuality "1"]

1. e4 c5 2. Nf3 Nc6 3. d4 cxd4 4. Nxd4 g6 5. Nc3 Bg7 6. Be3 Nf6 7. Bc4 O-O 8.
Bb3 {The move order without an early ...d6 forces White to retreat the bishop
on b3 before playing f3 or Qd2.} (8. f3 Qb6 $1 9. Bb3 Nxe4 $15) (8. Qd2 Ng4 $15
) 8... d6 9. f3 Bd7 10. Qd2 Nxd4 11. Bxd4 b5 12. h4 a5 13. h5 (13. a4 bxa4 14.
Nxa4 Be6 $11) 13... a4 (13... e6 14. a4 $14) ({The complications after} 13...
e5 14. hxg6 $1 {are considered to favour White:} (14. Be3 a4 15. Bd5 b4 $11) (
14. h6 $2 Bh8 15. Be3 a4 16. Bd5 b4 17. Ne2 Nxd5 18. exd5 Rb8 $17 {Panelo
Munoz,M-Scarella,E (2255)/San Rafael 1992}) 14... exd4 (14... hxg6 $2 {loses
at once:} 15. Be3 a4 16. Bh6 $18 Nh5 17. Bd5 Rc8 18. g4 b4 19. Ne2 $18) 15.
Bxf7+ Kh8 (15... Rxf7 16. gxf7+ Kxf7 17. Ne2 $5 Qb6 18. O-O-O {with a strong
initiative for White, Lopez Martinez,J-Felgaer,R/Andorra 2004.}) 16. Qxd4 h6
17. Qe3 ({In the game Karjakin,S (2645)-Tiviakov,S (2678) /Gothenburg 2005
White tried} 17. O-O-O {and after} b4 $146 18. Nd5 (18. Qe3 $5 Ng8 19. Nd5 Be8
20. g4 Bxf7 21. gxf7 Rxf7 22. g5 {transposes to 17.Qe3.}) 18... Be8 19. Bxe8
Ng8 20. Qb6 {they suddenly agreed to a draw. After 20...Qxe8! Black's chances
are by no means worse.}) 17... Ng8 18. g4 Be8 (18... b4 19. Nd5 $16) 19. g5
Bxf7 20. gxh6 Bxg6 21. hxg7+ Kxg7 22. Nd5 {followed by castle long, with a
very strong attack for White.}) 14. Bd5 (14. Bxf6 exf6 15. Bd5 Rc8 $13) 14...
b4 ({Until last year the main continuation was} 14... e5 {but Bologan showed
how White achieves a clear advantage:} 15. h6 $1 Bh8 16. Bxa8 exd4 17. Nd5 $1
Re8 $146 (17... Nh5 {does not solve the problems either:} 18. O-O-O Ng3 19.
Rhe1 a3 20. bxa3 Re8 ({In case of} 20... f5 {the most precise is Markovic'
suggestion} 21. Ne7+ Qxe7 22. Bd5+ Rf7 23. exf5 Qd8 24. fxg6 hxg6 25. Qf4 Nf5
26. g4 $18) 21. Bb7 $16) 18. Nxf6+ Qxf6 19. Bd5 {Black does not have
sufficient compensation for the exchange.} d3 (19... a3 20. bxa3 $16) 20. Rb1
$1 dxc2 21. Qxc2 Qg5 22. Qd2 Qg3+ 23. Kf1 $1 Rc8 24. Rc1 $18 {Bologan-Moldovan,
Franta 2005}) 15. Bxf6 exf6 16. Ne2 f5 17. hxg6 hxg6 18. Bxa8 (18. Qxb4 a3 $1)
(18. exf5 Bxf5 19. g4 Be6 20. Bxa8 Qxa8 21. Kf2 Rc8 22. a3 Bxb2 23. axb4 Qa7+
24. Kg2 Bc4 25. Ng3 a3 26. c3 Bxc3 27. Qxd6 a2 28. Ne4 Qd4 29. Qxd4 Bxd4 30.
Nd6 Bxa1 31. Rxa1 Rc6 {1/2-1/2 Moreno Carnero,J (2512)-Korneev,O (2561)/Port
Erin 2003}) 18... Qxa8 19. Qxd6 Bb5 20. Nf4 ({Another principled move is} 20.
Nd4 {Then Black can continue} a3 $5 ({or} 20... Rd8 21. Qxb4 Bxd4 22. Qxb5 a3
23. c3 Rb8 24. Qd3 axb2 25. Rb1 Be5 26. exf5 ({or} 26. O-O Qa7+ 27. Kh1 fxe4
28. fxe4 Qxa2 $44) 26... Rd8 27. Qc2 Qxa2 28. O-O (28. fxg6 Bg3+ 29. Kf1 Qc4+
30. Kg1 Qc5+ 31. Kf1 Qc4+ $11) 28... Qa7+ 29. Qf2 (29. Kh1 Qe3 $132) 29...
Qxf2+ 30. Rxf2 Bxc3 31. fxg6 fxg6 {and this is most probably a draw}) 21. Qxb4
(21. Qh2 $6 Rc8) 21... axb2 22. Rb1 Ba6 23. Rxb2 fxe4 $44) 20... Rd8 21. Qe7 $2
({Correct is} 21. Qxb4 Qb8 (21... Ba6 $2 22. Nd5 $18) (21... Rb8 22. Nd5 $18)
22. Ne2 (22. exf5 $2 Rd4 $19) 22... Bf8 23. Qc3 (23. Qa5 $2 Bxe2 24. Kxe2 Bb4
25. Qxa4 Rd2+ 26. Kf1 Kg7 27. Rh3 Qb6 $19) 23... Bg7 24. Qb4 {and it is
unclear whether Black has more than a draw by repetition.} (24. Qa5 a3 $1 25.
Qxa3 Bxe2 26. Kxe2 Bxb2 27. Qa5 Bxa1 28. Rxa1 fxe4 29. fxe4 Re8 $44)) 21...
fxe4 {Now White cannot hold the position} 22. Kf2 (22. fxe4 Re8 $19) 22... Qc8
({Good is also} 22... Qb8 $17) 23. Qg5 Ba6 24. Kg3 Re8 25. Rad1 e3 $1 26. Rhe1
Qc7 {White is completely paralyzed} 27. Kh3 e2 28. Rd2 Bxb2 29. Nd5 Qc8+ 30. g4
Kg7 $1 {It's always nice to see how in Dragon Black uses the h-file to create
his own attack.} 31. Nf4 Rh8+ 32. Kg2 Bf6 33. Qd5 Rd8 34. g5 Rxd5 35. gxf6+
Kxf6 36. Nxd5+ Kg7 37. Kf2 Qh3 38. Rd4 Qh2+ 0-1

[Event "EU-chT (Men) 14th"]
[Site "Plovdiv"]
[Date "2003.10.15"]
[Round "5.4"]
[White "Cheparinov, Ivan"]
[Black "Banikas, Hristos"]
[Result "1-0"]
[WhiteElo "2531"]
[BlackElo "2522"]
[Annotator "Rogozenco,D"]
[PlyCount "65"]
[EventDate "2003.10.10"]
[EventType "team-swiss"]
[EventRounds "9"]
[EventCountry "BUL"]
[SourceTitle "CBM 098"]
[Source "ChessBase"]
[SourceDate "2004.02.03"]
[SourceVersion "1"]
[SourceVersionDate "2004.02.03"]
[SourceQuality "1"]
[WhiteTeam "Bulgaria"]
[BlackTeam "Greece"]
[WhiteTeamCountry "BUL"]
[BlackTeamCountry "GRE"]

1. e4 c5 2. Nf3 d6 3. d4 cxd4 4. Nxd4 Nf6 5. Nc3 g6 6. Be3 Bg7 7. f3 Nc6 8. Qd2
O-O 9. Bc4 Bd7 10. O-O-O Rb8 11. Bb3 Na5 12. Bh6 b5 (12... Bxh6 $5 13. Qxh6 b5
{This move order deserves attention, to prevent 13.Bxg7 follwed by 14.Nd5.})
13. g4 {White doesn't really need this move for his attack. If going for
attack, then it is better is to start with 13.h4 immediately.} (13. Bxg7 Kxg7
14. Nd5 $1 {and White has a positional advantage, since Black seems forced to
take on d5.} e5 $140 15. Nxf6 {[%csl Ra5] The knight on a5 needs protection,
so Black cannot take back with the queen.}) 13... b4 $6 (13... Nc4 14. Qg5 (14.
Bxc4 bxc4 $132) 14... Qb6 $11 {[%cal Gb6c5]}) ({The standard} 13... Bxh6 14.
Qxh6 e5 15. Nde2 b4 16. Nd5 Nxb3+ 17. axb3 Nxd5 18. Rxd5 Be6 {is also good for
Black.}) 14. Nd5 Nxb3+ 15. Nxb3 Nxd5 16. Bxg7 Kxg7 17. exd5 a5 18. h4 a4 (18...
h6 19. h5 g5 20. f4 $16) 19. h5 $1 Rh8 (19... axb3 20. hxg6 {and White has a
winning attack.}) 20. Nd4 f6 21. Rde1 $16 Kf7 22. Qe3 g5 23. Rh2 Rc8 24. Rhe2
Re8 25. f4 b3 26. axb3 axb3 27. Qxb3 gxf4 28. g5 fxg5 29. Qd3 Kg8 30. Rg1 Qb6 (
30... Kh8 31. Nc6 $1 Bxc6 32. Qc3+ e5 33. dxe6+ Kg8 34. e7 Rxe7 35. Rxg5+ $18)
(30... Rf8 31. Rxg5+ Kh8 32. h6 Rf7 33. Rg7 Rxg7 34. hxg7+ Kxg7 35. Rg2+ Kh8
36. Ne6 $18) 31. Rxg5+ Kh8 32. h6 Ra8 (32... Rg8 33. Rxe7 $18 {[%csl Rh7]}) 33.
Nb3 1-0

[Event "New York Generation"]
[Site "New York"]
[Date "2003.05.02"]
[Round "9"]
[White "Perelshteyn, Eugene"]
[Black "Ehlvest, Jaan"]
[Result "0-1"]
[WhiteElo "2461"]
[BlackElo "2587"]
[Annotator "Rogozenco,D"]
[PlyCount "80"]
[EventDate "2003.04.23"]
[EventType "tourn"]
[EventRounds "9"]
[EventCountry "USA"]
[EventCategory "10"]
[SourceTitle "CBM 095"]
[Source "ChessBase"]
[SourceDate "2003.07.25"]
[SourceVersion "1"]
[SourceVersionDate "2003.07.25"]
[SourceQuality "1"]

1. e4 c5 2. Nc3 g6 3. Nf3 Bg7 4. d4 cxd4 5. Nxd4 Nc6 6. Be3 Nf6 7. Bc4 O-O 8.
Bb3 d6 9. f3 Bd7 10. Qd2 Nxd4 11. Bxd4 b5 12. O-O-O a5 13. a4 $2 (13. e5 dxe5
14. Bxe5 {is the right way to continue.  In the game Black easily achieved an
advantage.}) 13... bxa4 14. Nxa4 (14. Bxa4 Bxa4 15. Nxa4 Rb8 16. b3 Qc7 17. Qc3
Qb7 18. Qb2 Rfc8 $15 {0-1 Abashev,D-Vokarev,S/Togliatti 2003 (51)}) 14... Qb8
15. Kb1 Bxa4 $5 16. Bxa4 Rc8 {The position looks close to equal, but in fact
Black is considerably better. He has an easy play on "b" and "c" files, while
White has no time to create any counterplay on the kingside. The immediate
threat is Rc4.} 17. Qd3 (17. Rhe1 Rc4 18. Bb3 Rxd4 19. Qxd4 a4 $1 $17 20. Bxa4
Nxe4 $19) (17. Bc3 Nxe4 $1 18. fxe4 Bxc3 19. Qc1 Qb4 20. Bb3 a4 21. bxc3 Rxc3
$19) 17... Nh5 18. Qb3 (18. Bxg7 Nxg7 {[%cal Gg7e6,Ge6c5]} 19. Qd5 Ne6 20. Bd7
Rc5 21. Qd3 a4 (21... Ng7 $5 $17) 22. Bxe6 fxe6 $17) 18... Qc7 {Black rightly
avoids the trade of queens. In endgame White has more chances to equalize,
that's why it makes sense to create threats with queens on the board.} 19. Bb6
Qc4 $1 {Pretty amazing. Now and in the future White would be happy to trade
queens, but concretely it doesn't work out well to exchange them and he must
suffer in the middlegame.} 20. Rd5 (20. Qxc4 Rxc4 21. b3 (21. Bb3 Rb4 $19 {
[%cal Ga5a4]}) 21... Rxa4 22. bxa4 Rb8 $19) 20... Qe2 21. Rg1 (21. Qd3 Qxg2 $17
(21... Qxd3 22. cxd3 (22. Rxd3 Nf4 $17) 22... Rab8 23. Rb5 Nf4 $17)) 21... Nf4
22. Rxa5 Rxa5 23. Bxa5 Ra8 24. Qb6 (24. Bb4 Qa6 $19) 24... Bd4 $1 25. Qxd4 Rxa5
26. b3 (26. Qb4 Qa6 (26... Ra8 27. Bc6 Rf8) 27. b3 Qa7 $17) 26... Nxg2 27. Qd1
Nf4 28. h4 ({The endgame is hopeless:} 28. Qxe2 Nxe2 29. Re1 Nc3+ 30. Kb2 Nxa4+
31. bxa4 Rxa4 32. Kb3 Ra5 $19) 28... Qf2 29. Qe1 Qb6 $19 30. Ka2 Ne6 {Clear
domination of knight over the bishop. With equal material on the board White
is absolutely lost. All he can do is wait for the execution.} 31. Rg4 h5 ({
After} 31... Nc5 32. e5 dxe5 {White is also lost, but at least the rook has a
job on the fourth rank. With the game move 31...h5 Ehlvest prevents even this
defencive resource.}) 32. Rg2 Nc5 33. Rg5 Ra8 34. Ka3 Rb8 (34... Nxa4 35. bxa4
Qd4 36. Qb4 (36. a5 Rb8 $19) 36... Qa1+ 37. Kb3 Qb1+ 38. Ka3 Qxc2 $19) 35. Qc3
Qa6 36. Rd5 Rc8 37. Qd2 Qf1 38. Qd1 Qf2 39. Rd2 Qe3 40. Qe2 Qc3 0-1